|
|
|
|
| LEADER |
00000cam a22000002c 4500 |
| 001 |
113780159X |
| 003 |
DE-627 |
| 005 |
20251225180520.0 |
| 007 |
tu |
| 008 |
980817s1968 xx ||||| 00| ||ger c |
| 035 |
|
|
|a (DE-627)113780159X
|
| 035 |
|
|
|a (DE-576)067801595
|
| 035 |
|
|
|a (DE-599)BSZ067801595
|
| 035 |
|
|
|a (OCoLC)04006344
|
| 035 |
|
|
|a (DE-604)8070764190
|
| 040 |
|
|
|a DE-627
|b ger
|c DE-627
|e rakwb
|
| 041 |
|
|
|a ger
|
| 082 |
0 |
|
|a 301.16
|
| 084 |
|
|
|a BQ 7330
|2 rvk
|0 (DE-625)rvk/15603:
|
| 084 |
|
|
|a DW 4000
|2 rvk
|0 (DE-625)rvk/20275:761
|
| 100 |
1 |
|
|0 (DE-588)116108487
|0 (DE-627)077632982
|0 (DE-576)160223156
|4 aut
|a Beer, Ulrich
|d 1932-2011
|
| 109 |
|
|
|a Beer, Ulrich 1932-2011
|
| 191 |
|
|
|a 1
|
| 245 |
1 |
0 |
|a Umgang mit Massenmedien
|b Vorschläge und Hilfen
|c Ulrich Beer
|
| 264 |
|
1 |
|a Tübingen
|b Katzmann
|c 1968
|
| 300 |
|
|
|a 94 S.
|
| 336 |
|
|
|a Text
|b txt
|2 rdacontent
|
| 337 |
|
|
|a ohne Hilfsmittel zu benutzen
|b n
|2 rdamedia
|
| 338 |
|
|
|a Band
|b nc
|2 rdacarrier
|
| 490 |
0 |
|
|a Jugend, Bildung, Erziehung
|
| 583 |
1 |
|
|a Archivierung/Langzeitarchivierung gewährleistet
|f PEBW
|x XA-DE-BW
|2 pdager
|5 DE-24
|
| 601 |
|
|
|a Massenmedien
|
| 601 |
|
|
|a Vorschlag
|
| 689 |
0 |
0 |
|d s
|0 (DE-588)4074659-8
|0 (DE-627)106088742
|0 (DE-576)209194863
|2 gnd
|a Medienpädagogik
|
| 689 |
0 |
|
|5 (DE-627)
|
| 856 |
4 |
2 |
|u http://www.gbv.de/dms/ilmenau/toc/17169015X.PDF
|x Verlag
|z kostenfrei
|3 Inhaltsverzeichnis
|7 0
|
| 935 |
|
|
|a mteo
|
| 936 |
r |
v |
|a BQ 7330
|b Konzeptionen der Religionspädagogik
|k Theologie und Religionswissenschaften
|k Evangelische Praktische Theologie
|k Katechetik, Religionspädagogik, Gemeindepädagogik
|k Religionspädagogik
|k Konzeptionen der Religionspädagogik
|0 (DE-627)1272623572
|0 (DE-625)rvk/15603:
|0 (DE-576)202623572
|
| 936 |
r |
v |
|a DW 4000
|b Allgemeines und Deutschland
|k Pädagogik
|k Erwachsenenbildung und Jugendbildung
|k Medienpädagogik
|k Medienpädagogik allgemein
|k Allgemeines und Deutschland
|0 (DE-627)1270743961
|0 (DE-625)rvk/20275:761
|0 (DE-576)200743961
|
| 936 |
r |
u |
|a CV 3500
|b Kommunikation, Massenmedien, soziale Beeinflussung, soziale Macht
|k Psychologie
|k Sozialpsychologie
|k Kommunikation, Massenmedien, soziale Beeinflussung, soziale Macht
|0 (DE-627)1271443775
|0 (DE-576)201443775
|z Ungueltig
|
| 951 |
|
|
|a BO
|
| ELC |
|
|
|b 1
|
| ORI |
|
|
|a SA-MARC-ixtheo_oa001.raw
|
| REL |
|
|
|a 1
|
| STA |
0 |
0 |
|a Media education,Educational technology
|
| STB |
0 |
0 |
|a Pédagogie des médias
|
| STC |
0 |
0 |
|a Pedagogía de los medios de comunicación
|
| STD |
0 |
0 |
|a Pedagogia dei media,Pedagogia dei mezzi di comunicazione,Pedagogia dei mezzi di comunicazione
|
| STE |
0 |
0 |
|a 媒体教育
|
| STF |
0 |
0 |
|a 媒體教育
|
| STG |
0 |
0 |
|a Pedagogia dos meios de comunicação
|
| STH |
0 |
0 |
|a Педагогика медиа
|
| STI |
0 |
0 |
|a Παιδαγωγική των μέσων μαζικής ενημέρωσης
|
| SUB |
|
|
|a REL
|
| SYG |
0 |
0 |
|a Massenmedien,Medienbildung,Medienerziehung,Medienkunde,Medienwissenschaft,Medientheorie
|